Dhyeyapurti : Udyojikanchya Yashogatha (Record no. 366766)
[ view plain ]
| 000 -LEADER | |
|---|---|
| fixed length control field | 00456nam a22001697a 4500 |
| 005 - DATE AND TIME OF LATEST TRANSACTION | |
| control field | 20250602151958.0 |
| 008 - FIXED-LENGTH DATA ELEMENTS--GENERAL INFORMATION | |
| fixed length control field | 250526b |||||||| |||| 00| 0 eng d |
| 041 ## - LANGUAGE CODE | |
| Language code of text/sound track or separate title | Marathi |
| 082 ## - DEWEY DECIMAL CLASSIFICATION NUMBER | |
| Classification number | 891.46 |
| Item number | RAJ |
| 100 ## - MAIN ENTRY--PERSONAL NAME | |
| Author | Rajhans Ratnaprabha Ramesh |
| 245 ## - TITLE STATEMENT | |
| Title | Dhyeyapurti : Udyojikanchya Yashogatha |
| 260 ## - PUBLICATION, DISTRIBUTION, ETC. | |
| Place of publication, distribution, etc. | Pune |
| Name of publisher, distributor, etc. | Ratnaprabha Rajhans |
| -- | Subhas Bhave |
| Date of publication, distribution, etc. | 2024 |
| 300 ## - PHYSICAL DESCRIPTION | |
| Extent | 96 |
| 365 ## - TRADE PRICE | |
| Price amount | 150.00 |
| Currency code | Rs.00 |
| 650 ## - SUBJECT ADDED ENTRY--TOPICAL TERM | |
| Topical term or geographic name entry element | Non Fiction |
| 942 ## - ADDED ENTRY ELEMENTS (KOHA) | |
| Koha item type | Donated Book |
| Withdrawn status | Lost status | Source of classification or shelving scheme | Damaged status | Not for loan | Home library | Current library | Date acquired | Vendor | Net Price | Total Checkouts | Full call number | Barcode | Date last seen | Actual Price | Bill Date | Koha item type |
|---|---|---|---|---|---|---|---|---|---|---|---|---|---|---|---|---|
| Dewey Decimal Classification | School of Fashion Technology | School of Fashion Technology | 07/05/2025 | Dr. Manju Hundekar | 150.00 | 891.46 RAJ | SOFT-BK-D213 | 26/05/2025 | 150.00 | 26/05/2025 | Donated Book | |||||
| Dewey Decimal Classification | School of Fashion Technology | School of Fashion Technology | 07/05/2025 | Dr. Manju Hundekar | 150.00 | 891.46 RAJ | SOFT-BK-D214 | 26/05/2025 | 150.00 | 26/05/2025 | Donated Book | |||||
| Dewey Decimal Classification | School of Fashion Technology | School of Fashion Technology | 07/05/2025 | Dr. Manju Hundekar | 150.00 | 891.46 RAJ | SOFT-BK-D215 | 26/05/2025 | 150.00 | 26/05/2025 | Donated Book | |||||
| Dewey Decimal Classification | School of Fashion Technology | School of Fashion Technology | 07/05/2025 | Dr. Manju Hundekar | 150.00 | 891.46 RAJ | SOFT-BK-D216 | 26/05/2025 | 150.00 | 26/05/2025 | Donated Book | |||||
| Dewey Decimal Classification | School of Fashion Technology | School of Fashion Technology | 07/05/2025 | Dr. Manju Hundekar | 150.00 | 891.46 RAJ | SOFT-BK-D217 | 26/05/2025 | 150.00 | 26/05/2025 | Donated Book |